01274nam a2200241Ia 4500001001100000003001000011008004100021040002500062041001300087100001700100245002800117250001100145260005700156300002600213500021700239501011400456520021700570650002800787942000700815957000600822999004200828952016200870L242-14201IT-CnALBA170116s9999||||xx |||||||||||||| ||und|| aIT-CnALBAcIT-CnALBA aITALIANO aSENZA AUTORE 0aI TEMPI DELLO SPIRITO.  a1a ed. aROMAbPROPAGANDA FIDE. PONTIFICIO ISTIT. ROMA'cn.d. a94 p. (prefazione: 7) aAMOS PROFETA MISSIONARIO. MISSIONE UNIVERSALE. ANIMA. ETERNITÀ. SILENZIO. PREGHIERA. SACRIFICIO. APOSTOLATO. MARIA VERGINE. CASTITÀ. ASCOLTO DI DIO BIVENTE. RACCOGLIMENTO. COLLOQUIO. GIOIA. IL CRISTIANESIMO.  aSocietà San Paolo EM - Piazza San Paolo, 14 - 12051 ALBA (CN) (non commercial uses only) ® Copyright 2017 aAMOS PROFETA MISSIONARIO. MISSIONE UNIVERSALE. ANIMA. ETERNITÀ. SILENZIO. PREGHIERA. SACRIFICIO. APOSTOLATO. MARIA VERGINE. CASTITÀ. ASCOLTO DI DIO BIVENTE. RACCOGLIMENTO. COLLOQUIO. GIOIA. IL CRISTIANESIMO.  aMEDITAZIONI E PREGHIERA cBK 71 a18953bNOg Copie: 1 c273376d273376 0010406L_2421420171aALBAbALBAd2017-01-16l0oL242-14201r2017-01-16 00:00:00w2017-01-16yBKz(data import: 16 gennaio 2017) - By Epidotti, Vaglietti.